| 000 | 00767cab a2200241 4500 | ||
|---|---|---|---|
| 001 | WB3343-30 | ||
| 008 | 090401t1997 xxu||||| |||| 00| 0 eng d | ||
| 035 | _a(Sirsi) u81919 | ||
| 041 | _aeng | ||
| 245 | _aMPs unite to push for foxhunting ban | ||
| 260 | _c1997 | ||
| 350 | _a0 | ||
| 490 |
_aDaily Telegraph _v5 November 1997, 12(2) |
||
| 520 | _aMPs from all parties are to intensify their campaign to ban foxhunting despite the announcement that the government will not find extra time to ensure that the Bill becomes law. | ||
| 650 | _aBAN | ||
| 650 | _aECONOMIC IMPLICATIONS | ||
| 650 | _aFOX HUNTING | ||
| 650 | _aRURAL AREAS | ||
| 650 | _aWILD MAMMALS (HUNTING WITH DOGS) BILL | ||
| 690 | _aRURAL PRACTICE | ||
| 942 | _n0 | ||
| 948 | _c05/11/1997 | ||
| 999 |
_c51658 _d51658 |
||